000 01735cam a2200361 4500
001 gemhuntersguidec00macf
003 CaSfIA
005 20210118085355.0
007 cr||||
008 700331s1969 nyuab b 000 0 eng
010 _a 78081943
040 _aDLC
_cDLC
_dBTCTA
_dLVB
_dCKL
_dCaSfIA
035 _a(OCoLC)63046
043 _an-us---
050 0 0 _aQE392.5.U5
_bM3 1969
082 0 0 _a549.9/73
100 1 _aMacFall, Russell P.
245 1 0 _aGem hunter's guide;
_h[electronic resource]
_bthe complete handbook for the amateur collector of gem minerals
_c[by] Russell P. MacFall.
250 _a4th rev. ed.
260 _aNew York,
_bCrowell
_c[1969]
300 _a279 p.
_billus. (part col.), maps.
_c20 cm.
504 _aBibliography: p. [275]-279.
520 _a"How to find and identify gem minerals. Including a complete directory of the best hunting locations with 89 detail maps and 8 pages of color photographs"--Jacket.
650 0 _aPrecious stones
_zUnited States
_xCollection and preservation.
650 6 _aPierres précieuses
_xCollectionneurs et collections
_zÉtats-Unis.
856 4 1 _uhttp://www.archive.org/details/gemhuntersguidec00macf
_zFree eBook from the Internet Archive
856 4 2 _uhttp://www.openlibrary.org/books/OL4752786M
_zAdditional information and access via Open Library
029 1 _aNZ1
_b3539519
029 1 _aAU@
_b000000081224
942 _cEB
506 _fНеобхідна авторизація на https://archive.org/ (створення облікового запису безкоштовно)
506 _fНеобхідна авторизація на https://openlibrary.org/ (створення облікового запису безкоштовно)
999 _c500308
_d500308